MARC details
| 000 -LEADER |
| fixed length control field |
01694nam a2200409 i 4500 |
| 001 - CONTROL NUMBER |
| control field |
35090150 |
| 003 - CONTROL NUMBER IDENTIFIER |
| control field |
OCoLC |
| 005 - DATE AND TIME OF LATEST TRANSACTION |
| control field |
20251114080327.0 |
| 008 - FIXED-LENGTH DATA ELEMENTS--GENERAL INFORMATION |
| fixed length control field |
960716s1996 vaua f f000 0 eng d |
| 035 ## - SYSTEM CONTROL NUMBER |
| System control number |
(GPO)96075013 |
| 037 ## - SOURCE OF ACQUISITION |
| Stock number |
001-000-04627-6 |
| Source of stock number/acquisition |
GPO |
| 040 ## - CATALOGING SOURCE |
| Original cataloging agency |
GPO |
| Language of cataloging |
eng |
| Description conventions |
rda |
| Transcribing agency |
GPO |
| Modifying agency |
DLC |
| -- |
MvI |
| 041 ## - LANGUAGE CODE |
| Language code of text/sound track or separate title |
eng |
| 043 ## - GEOGRAPHIC AREA CODE |
| Geographic area code |
n-us--- |
| 074 ## - GPO ITEM NUMBER |
| GPO item number |
0074-A-04 |
| 086 0# - GOVERNMENT DOCUMENT CLASSIFICATION NUMBER |
| Classification number |
A 98.8:F 21 |
| 086 ## - GOVERNMENT DOCUMENT CLASSIFICATION NUMBER |
| Classification number |
A 98.8:F 21 |
| 088 ## - REPORT NUMBER |
| Report number |
FCS-298 |
| 245 00 - TITLE STATEMENT |
| Title |
Team Nutrition's food, family and Fun : |
| Remainder of title |
a seasonal guide to healthy eating : commemorating 50 years of school lunch. |
| 246 30 - VARYING FORM OF TITLE |
| Title proper/short title |
Seasonal guide to healthy eating. |
| 246 14 - VARYING FORM OF TITLE |
| Title proper/short title |
Food, family & fun. |
| 260 ## - PUBLICATION, DISTRIBUTION, ETC. (IMPRINT) |
| Place of publication, distribution, etc. |
[Alexandria, Va.?] : |
| Name of publisher, distributor, etc. |
U.S. Dept. of Agriculture, Food and Consumer Service ; |
| Date of publication, distribution, etc. |
[1996] |
| 264 #1 - PRODUCTION, PUBLICATION, DISTRIBUTION, MANUFACTURE, AND COPYRIGHT NOTICE |
| Place of production, publication, distribution, manufacture |
[Alexandria, Va.?] : |
| Name of producer, publisher, distributor, manufacturer |
U.S. Dept. of Agriculture, Food and Consumer Service ; |
| Place of production, publication, distribution, manufacture |
Washington, DC : |
| Name of producer, publisher, distributor, manufacturer |
For sale by the Supt. of Docs., G.P.O., |
| Date of production, publication, distribution, manufacture, or copyright notice |
[1996] |
| 300 ## - PHYSICAL DESCRIPTION |
| Extent |
122 pages : |
| Other physical details |
illustrations ; |
| Dimensions |
22 x 23 cm. |
| 336 ## - CONTENT TYPE |
| Content type term |
text |
| Content type code |
txt |
| Source |
rdacontent. |
| 337 ## - MEDIA TYPE |
| Media type term |
unmediated |
| Media type code |
n |
| Source |
rdamedia. |
| 338 ## - CARRIER TYPE |
| Carrier type term |
volume |
| Carrier type code |
nc |
| Source |
rdacarrier. |
| 500 ## - GENERAL NOTE |
| General note |
Shipping list no.: 96-0279-P. |
| 500 ## - GENERAL NOTE |
| General note |
"June 1996"--P. [3] of cover. |
| 500 ## - GENERAL NOTE |
| General note |
"FCS-298"--P. [3] of cover. |
| 650 #0 - SUBJECT ADDED ENTRY--TOPICAL TERM |
| Topical term or geographic name as entry element |
Cooking |
| General subdivision |
Study and teaching |
| Geographic subdivision |
United States |
| Form subdivision |
Handbooks, manuals, etc. |
| 650 #0 - SUBJECT ADDED ENTRY--TOPICAL TERM |
| Topical term or geographic name as entry element |
Formulas, recipes, etc. |
| Geographic subdivision |
United States |
| Form subdivision |
Handbooks, manuals, etc. |
| 650 #0 - SUBJECT ADDED ENTRY--TOPICAL TERM |
| Topical term or geographic name as entry element |
Education |
| General subdivision |
Nutrition |
| Geographic subdivision |
United States |
| Form subdivision |
Handbooks, manuals, etc. |
| 650 #0 - SUBJECT ADDED ENTRY--TOPICAL TERM |
| Topical term or geographic name as entry element |
Diet |
| Geographic subdivision |
United States |
| Form subdivision |
Handbooks, manuals, etc. |
| 710 1# - ADDED ENTRY--CORPORATE NAME |
| Corporate name or jurisdiction name as entry element |
United States. |
| Subordinate unit |
Department of Agriculture. |
| -- |
Food and Consumer Service. |
| Authority record control number |
http://id.loc.gov/authorities/names/no95011927. |
| 942 ## - ADDED ENTRY ELEMENTS (KOHA) |
| Koha item type |
Libro/Book |